000 00480pab a2200169 454500
008 180718b1998 xxu||||| |||| 00| 0 eng d
100 _aSrimany, Achintya Kumar
245 _aMeasures for financial services: a review with special reference to banking in India
260 _c1998
300 _ap.1-38
362 _aMar
650 _aBanks - India
650 _aBanks
700 _aBhattacharya, Kaushik
773 _aReserve Bank of India Occasional Papers
909 _a37714
999 _c37714
_d37714